00808nam a22002057a 450000500170000001000130001702000260003003500130005603700180006908200130008710000160010024500900011626000400020627000670024630000230031350000500033694200270038699900170041395201720043020140224160429.0 aB-514089 a9788122007930c595.00 aB-514089 bBSB/Ven.adpl a363.2092 aVohra, B.L. aTripura's Bravehearts :c by B.L.VohrabA police success story of counterinsurgency / b Konark publishersc2011aNew Delhi a206, First Floor, Peacock Lane, Shahpur jatbNew Delhie110049 axx,247p.c22cm(Hb) aIncludes bibliographical references and Index 2ddccENmVOHh363.2092 c79203d79203 001040708NFICaBL1bBL1d2014-02-24eBSB/945/21.03.2013/169/08.03.2013/23.03.2013g595.00l0o363.2092 VOHpB-514089r2014-02-24 00:00:00t1v595.00w2014-02-24yEN